| 000 | 00000nam##2200000za#4500 |
| 001 | 9.561033 |
| 003 | CaOODSP |
| 005 | 20210624173643 |
| 007 | cr ||||||||||| |
| 008 | 150406|2006||||xxc|||||o f|0| 0 eng|d |
| 040 | |aCaOODSP|beng |
| 043 | |an-cn--- |
| 086 | 1 |aTU3-6/04-1E-PDF |
| 110 | 2 |aTransportation Safety Board of Canada. |
| 245 | 10|aMain-track derailment - Canadian Pacific Railway Train No. 239-13 mile 178.20, Belleville subdivision, Whitby, Ontario, 14 January 2004 |h[electronic resource] |
| 260 | |aGatineau - Quebec : |bTransportation Safety Board of Canada |c2006. |
| 300 | |a69p.|bcoloured figs., coloured map, glossary, graphs, illus., tables, photographs |
| 490 | 1 |aRailway investigation report |vR04T0008 |
| 500 | |aCatalogue number and ISBN for the printed edition have been incorrectly copied in this PDF edition. |
| 590 | |a10-05-Supp|b2010-07-20 |
| 690 | 07|aRailway accidents|2gcpds |
| 775 | 08|tDéraillement en voie principale du train numéro 239-13 exploité par le Chemin de fer Canadien Pacifique au point milliaire 178,20 de la subdivision Belleville à Whitby (Ontario) le 14 janvier 2004 |w(CaOODSP)9.593648 |
| 776 | 0#|tMain-track derailment - Canadian Pacific Railway Train No. 239-13 mile 178.20, Belleville subdivision, Whitby, Ontario, 14 January 2004 |w(CaOODSP)9.617766 |
| 830 | #0|aRailway investigation report ;|vR04T0008|w(CaOODSP)9.504849 |
| 856 | 40|ahttp://publications.gc.ca|qPDF|s1044 KB|uhttps://publications.gc.ca/collections/Collection/TU3-6-04-1E.pdf|yR04T0008 |